Banana skins & opportunities. (Record no. 61025)

MARC details
000 -LEADER
fixed length control field 00760cam a2200193 4500
001 - CONTROL NUMBER
control field ABS61293
008 - FIXED-LENGTH DATA ELEMENTS--GENERAL INFORMATION
fixed length control field 000000n1999 000 0 eng u
035 ## - SYSTEM CONTROL NUMBER
System control number (Sirsi) u101927
100 ## - MAIN ENTRY--PERSONAL NAME
Personal name Nock, R.
245 ## - TITLE STATEMENT
Title Banana skins & opportunities.
260 ## - PUBLICATION, DISTRIBUTION, ETC.
Date of publication, distribution, etc. 1999
490 ## - SERIES STATEMENT
Series statement Taxation
Volume/sequential designation 143(3722) 2 Sept 1999, 574-6; 143(3723) 9 Sept 1999, 604-5; 143(3724) 16 Sept 1999, 624-6(8)
520 ## - SUMMARY, ETC.
Summary, etc. Series of three articles discussing practical issues relating to stamp duty. Explains the basic rules of computation and variable consideration, then goes on to deal with liabilities and VAT. Finally considers pitfalls of the new stamp duty regime.
650 ## - SUBJECT ADDED ENTRY--TOPICAL TERM
Topical term or geographic name entry element STAMP DUTY
650 ## - SUBJECT ADDED ENTRY--TOPICAL TERM
Topical term or geographic name entry element VALUE ADDED TAX
650 ## - SUBJECT ADDED ENTRY--TOPICAL TERM
Topical term or geographic name entry element DUTY
690 ## - LOCAL SUBJECT ADDED ENTRY--TOPICAL TERM (OCLC, RLIN)
Topical term or geographic name as entry element TAXATION
942 ## - ADDED ENTRY ELEMENTS (KOHA)
Suppress in OPAC 0
Holdings
Withdrawn status Lost status Source of classification or shelving scheme Damaged status Not for loan Home library Current library Shelving location Date acquired Total Checkouts Full call number Barcode Date last seen Copy number Price effective from Koha item type
    Dewey Decimal Classification     London London Journal article 12/11/1999   ABS61293 101927-1001 06/08/2019 1 06/08/2019 Journal article